00254 a2200109 4500001000700000020000600007040001100013100002000024240004800044245004300092362000900135169738 a  cMagnum aTorres, Gabriel10aRedes de computadores - curso completolpor10aRedes de computadores - curso completo0 a1899